Dessin animé - culture générale #1 - Statistiques

Statistiques générales
  • Ce quiz a été pris 1 496 fois
    1 473 depuis la dernière actualisation
  • Le résultat moyen est 7 sur 15
Statistiques - réponses
Question Réponse % Correct
Les Totally Spies se nomment Sam, Alex et ... Clover
92%
Père Castor, raconte nous une .... Histoire
89%
Combien de sœurs à Lincoln dans "Bienvenue chez les Loud" ? 10
81%
Quel est le plat préféré du chat "Garfield" ? Lasagne
80%
Quel est la couleur des cheveux de Milhouse dans les Simpson ? Bleus
79%
Qui a une petite sœur qui se prénomme "Zizi" ? Titeuf
73%
Comment se "nomme" le véhicule dans lequel se déplace les membres dans "Scooby-Doo". La Mystery machine
44%
Quel animal est Rhino, qui accompagne "Volt" dans le film d'animation du même nom ? Un Hamster
41%
Qui accompagne "Jeanne" dans un dessin animé sur le thème du volley-Ball ? Serge
38%
De quel instrument joue "Assurancetourix" dans la BD "Astérix". De la Lyre
32%
Dans quel dessin animé pouvait-on retrouver "Casse-bonbon" et "La binocle". Les Razmoket
28%
On connait tous Sacha, le dresseur de pokémon. Mais quel est son nom de famille ? Ketchum
25%
Ou vit Aladdin, dans le film d'animation du même nom ? Agrabah
17%
La mère des 101 dalmatiens se prénomme... Perdita
17%
Quel est le nom de la première équipe pour laquelle joue Olivier dans la série "Olive et Tom". La Newppy
3%
Aucun quiz correspondant
Distribution des résultats
% des personnes avec chaque résultat
Percentile par nombre de réponses
Votre historique - résultats
Vous n’avez pas pris ce quiz depuis la dernière actualisation